|
|
|
|
| LEADER |
00000naa2a2200000 4500 |
| 001 |
390241 |
| 005 |
20231101063941.0 |
| 035 |
|
|
|a (RuTPU)RU\TPU\prd\23125
|
| 090 |
|
|
|a 390241
|
| 100 |
|
|
|a 20040224a2003 k y0rusy50 ca
|
| 101 |
0 |
|
|a rus
|
| 102 |
|
|
|a RU
|
| 200 |
1 |
|
|a Городской комар
|f Е. Б. Виноградова
|
| 320 |
|
|
|a Библиогр.: 14 назв.
|
| 461 |
|
1 |
|0 (RuTPU)RU\TPU\prd\304
|x 0032-874X
|t Природа
|o естественно-научный журнал
|f Российская Академия наук
|d 1912-
|
| 463 |
|
1 |
|0 (RuTPU)RU\TPU\prd\72976
|t № 12
|v с. 3-9
|d 2003
|
| 610 |
1 |
|
|a комары
|
| 610 |
1 |
|
|a городские комары
|
| 610 |
1 |
|
|a кровососущие
|
| 610 |
1 |
|
|a систематика
|
| 610 |
1 |
|
|a популяции
|
| 610 |
1 |
|
|a таксономические ранги
|
| 610 |
1 |
|
|a происхождение
|
| 610 |
1 |
|
|a распространение комаров
|
| 700 |
|
1 |
|a Виноградова
|b Е. Б.
|
| 801 |
|
1 |
|a RU
|b 63413507
|c 20040224
|g PSBO
|
| 801 |
|
2 |
|a RU
|b 63413507
|c 20100120
|g PSBO
|
| 942 |
|
|
|c BK
|